00630cam a2200205Mi 4500001001300000005001700013008004100030020001500071020001800086035002200104040004400126041000800170245008200178260003000260300002400290650001800314650003400332650002600366700003200392on103674921420181002142523.0181002s2019 enk b 001 0 eng d a1138607177 a9781138607170 a(OCoLC)1036749214 aCo-BoUCMbengcSaul NiñodSaul Niño0 aeng00aRebels and legitimacybprocesses and practicescedited by Isabelle Duyvesteyn aNew YorkbRoutledgec2019 axvii, 246 páginas 7aRevoluciones  7aLegitimidad de los gobiernos  7aCiencias políticas 1 aDuyvesteyn, Isabelled1972-